[Event "Bolivar Province-ch qual"]
[Site "Cartagena"]
[Date "2013.05.24"]
[Round "7"]
[White "Garrido Castro, Rafael"]
[Black "Gomez Guardo, Cristian"]
[Result "1-0"]
[WhiteElo "1671"]
[BlackElo "1806"]
[PlyCount "59"]
[EventDate "2013.05.16"]
[EventType "swiss"]
[EventRounds "7"]
[EventCountry "COL"]
[SourceTitle "EXT 2014"]
[Source "ChessBase"]
[SourceDate "2013.11.20"]
[SourceVersion "1"]
[SourceVersionDate "2013.11.20"]
[SourceQuality "1"]

1. d4 d5 2. c4 c6 3. Nc3 e6 4. e3 Ne7 5. Bd2 g6 6. c5 Bg7 7. Bd3 b6 8. b4 Bb7 9. f4 Nd7 10. Nf3 f5 11. Ng5 Nf8 12. 0-0 h6 13. Nf3 Nd7 14. Qb3 0-0 15. a4 Qc8 16. Rac1 bxc5 17. bxc5 Rb8 18. Rb1 Ba6 19. Qc2 Bxd3 20. Qxd3 Qc7 21. Na2 Rxb1 22. Rxb1 Rb8 23. Nb4 Qb7 24. a5 Qb5 25. Qa3 a6 26. Kf2 Kf7 27. h4 Bf6 28. g3 Nc8 29. Rb2 Na7 30. Nd3 1-0

[Event "Bolivar Province-ch qual"]
[Site "Cartagena"]
[Date "2013.05.22"]
[Round "5"]
[White "Torres Cueto, Jesus Marcial"]
[Black "Garrido Castro, Rafael"]
[Result "0-1"]
[WhiteElo "1848"]
[BlackElo "1671"]
[PlyCount "98"]
[EventDate "2013.05.16"]
[EventType "swiss"]
[EventRounds "7"]
[EventCountry "COL"]
[SourceTitle "EXT 2014"]
[Source "ChessBase"]
[SourceDate "2013.11.20"]
[SourceVersion "1"]
[SourceVersionDate "2013.11.20"]
[SourceQuality "1"]

1. e4 c5 2. Nc3 Nc6 3. g3 g6 4. Bg2 Bg7 5. d3 Nf6 6. f4 d6 7. Nf3 Bg4 8. h3 Bxf3 9. Qxf3 Nd4 10. Qf2 Qd7 11. 0-0 0-0 12. g4 e6 13. f5 exf5 14. exf5 Rae8 15. g5 Nh5 16. f6 Bh8 17. Nd5 h6 18. Ne7+ Kh7 19. c3 Nc6 20. Bxc6 bxc6 21. Qf3 Rxe7 22. fxe7 Qxe7 23. Bd2 Be5 24. Rae1 Qd7 25. Rxe5 dxe5 26. Be3 f5 27. Bxc5 Rb8 28. Re1 Re8 29. gxh6 Kxh6 30. Kh2 g5 31. Rg1 Rg8 32. Qe3 Nf4 33. Qxe5 Qxd3 34. Qf6+ Kh7 35. Qe7+ Rg7 36. Qe3 Qc2+ 37. Qf2 Qd3 38. Rg3 Qd5 39. Bd4 Re7 40. Be3 Nd3 41. Qe2 g4 42. hxg4 f4 43. Rh3+ Kg8 44. Rh8+ Kxh8 45. Bd4+ Qxd4 46. Qxe7 Qf2+ 47. Kh1 Qf3+ 48. Kg1 Qg3+ 49. Kh1 Nf2# 0-1

[Event "Bolivar Province-ch qual"]
[Site "Cartagena"]
[Date "2013.05.21"]
[Round "4"]
[White "Garrido Castro, Rafael"]
[Black "Pabon Sarmiento, Juan Pablo"]
[Result "0-1"]
[WhiteElo "1671"]
[BlackElo "1814"]
[PlyCount "108"]
[EventDate "2013.05.16"]
[EventType "swiss"]
[EventRounds "7"]
[EventCountry "COL"]
[SourceTitle "EXT 2014"]
[Source "ChessBase"]
[SourceDate "2013.11.20"]
[SourceVersion "1"]
[SourceVersionDate "2013.11.20"]
[SourceQuality "1"]

1. d4 f5 2. c4 Nf6 3. Nc3 e6 4. Nf3 c6 5. g3 d5 6. c5 Nbd7 7. Bg5 Be7 8. b4 Qc7 9. Bf4 Qd8 10. Bg2 0-0 11. 0-0 Ne4 12. Qc2 Ndf6 13. Ne5 Qe8 14. a4 g5 15. Bd2 Nxd2 16. Qxd2 Nd7 17. f4 Qh5 18. e3 a6 19. b5 Nxe5 20. fxe5 axb5 21. axb5 Bd7 22. b6 Qh6 23. Ra7 Rxa7 24. bxa7 Ra8 25. Ra1 Bd8 26. Qb2 Bc8 27. Qb3 Qg7 28. g4 f4 29. e4 Qc7 30. h3 b5 31. exd5 Rxa7 32. Rxa7 Qxa7 33. dxc6 Qa1+ 34. Kh2 Ba5 35. Ne2 b4 36. c7 Qe1 37. Bf3 Bxc7 38. Kg2 Kf7 39. Qa4 Ke7 40. Qb5 Qd2 41. c6 Kd8 42. Qc5 Ke8 43. Qb5 Kd8 44. Be4 Qe3 45. Bf3 b3 46. Qb4 Ke8 47. Qb5 h6 48. d5 b2 49. Qxb2 Bb6 50. Qc3 Qf2+ 51. Kh1 Be3 52. Bg2 Qxe2 53. Qa1 f3 54. Bf1 Qf2 0-1

[Event "Cartagena IRT op 4th"]
[Site "Cartagena"]
[Date "2012.06.17"]
[Round "7"]
[White "Garrido Castro, Rafael"]
[Black "Contreras, Willian"]
[Result "1-0"]
[WhiteElo "1631"]
[BlackElo "1861"]
[PlyCount "35"]
[EventDate "2012.06.14"]
[EventType "swiss"]
[EventRounds "9"]
[EventCountry "COL"]
[SourceTitle "CBM 148 Extra"]
[Source "ChessBase"]
[SourceDate "2012.06.22"]
[SourceVersion "1"]
[SourceVersionDate "2012.06.22"]
[SourceQuality "1"]

1. d4 d5 2. c4 Nf6 3. Nc3 dxc4 4. e3 Nc6 5. Bxc4 Bf5 6. Nge2 Nb4 7. 0-0 e6 8. Ng3 Bg4 9. f3 Bf5 10. Nxf5 exf5 11. Qa4+ c6 12. Qb3 Bd6 13. Bxf7+ Ke7 14. e4 c5 15. e5 Bc7 16. exf6+ gxf6 17. Re1+ Kd7 18. Qe6# 1-0

[Event "Cartagena Iderbol Cup"]
[Site "Cartagena"]
[Date "2011.12.26"]
[Round "1.11"]
[White "Herrera, Milena"]
[Black "Garrido Castro, Rafael"]
[Result "1-0"]
[WhiteElo "2098"]
[BlackElo "1631"]
[PlyCount "57"]
[EventDate "2011.12.26"]
[EventType "swiss"]
[EventRounds "7"]
[EventCountry "COL"]
[SourceTitle "EXT 2024"]
[Source "ChessBase"]
[SourceDate "2023.10.10"]
[SourceVersion "1"]
[SourceVersionDate "2023.10.10"]
[SourceQuality "1"]

1. e4 c5 2. Nf3 Nc6 3. d4 cxd4 4. Nxd4 Nf6 5. Nc3 e5 6. Ndb5 a6 7. Nd6+ Bxd6 8. Qxd6 Qe7 9. Qxe7+ Nxe7 10. Bg5 b5 11. 0-0-0 Bb7 12. f3 Rc8 13. Bxb5 axb5 14. Nxb5 Rc6 15. Nd6+ Rxd6 16. Rxd6 Nc8 17. Rd3 Ke7 18. Rhd1 Bc6 19. Be3 Rd8 20. c4 h6 21. b4 d6 22. b5 Bd7 23. a4 Be6 24. c5 d5 25. exd5 Rxd5 26. c6 Rxd3 27. Rxd3 Nd5 28. Bc5+ Ke8 29. a5 1-0